000 00842nam a2200253 i 4500
001 123089
003 ES-MaACL
005 20230906192117.0
007 t|
008 070214s1974 sp r ||||0| spa d
020 _a84-277-0209-4
100 1 _aQuasimodo, Salvatore.
_994489
245 1 0 _aDebe y haber /
_cSalvatore Quasimodo ; traducción, estudio, notas y comentarios de texto por Milagros Arizmendi.
250 _aEd. bilingüe.
260 _aMadrid :
_bNarcea,
_cD. L. 1974.
300 _a199 p ;
_c18 cm.
490 1 _aBitácora. Biblioteca del estudiante ;
_v41
504 _aBibliografía: p. 85-87.
700 1 _aArizmendi, Milagros.
_922881
830 0 _aBitácora. Biblioteca del estudiante ;
_v41
_9181903
852 _aES-MaACL
_jE-7430
_bR.92108
852 _aES-MaACL
_jE-13973
_xOlim P-1892
999 _c123089
_d123089